| 000 | 00638nam a22001697a 4500 | ||
|---|---|---|---|
| 008 | 230504b |||||||| |||| 00| 0 eng d | ||
| 040 |
_aNational Science Library _cNational Science Library |
||
| 080 | _a621.38+539.124(05) | ||
| 245 |
_aAdvances in electronics and electron physics _b _c/ Academic Press, photo-electronic image devices, proceedings of the eight symposium held at Imperial College, London, September 5-7, 1983 |
||
| 260 |
_aNew York: _bAcademic Press, _c1985 |
||
| 300 | _axviii, 298p. | ||
| 500 | _a Vol. 64A | ||
| 650 | _aScience | ||
| 653 | _aChemistry | ||
| 700 | _aHawkes, Peter W (Ed.) | ||
| 942 |
_2udc _cBK |
||
| 999 |
_c58294 _d58294 |
||